000
00260nam a22001217a 4500
082
_a
823
_b
SCH/H
100
_a
SCHMID, C
245
_a
HUNDRED STORIES
260
_a
MUMBAI
_b
BETTER YOURSELF
_c
2001
300
_a
136
650
_a
ENGLISH STORY
_z
INDIA
942
_c
BK
999
_c
7332
_d
7332